Click to Translate - German Compound Words #2 - Statistics

General Stats
  • This quiz has been taken 19 times
  • The average score is 9 of 10
Answer Stats
Hint Answer % Correct
“Forest Solitude” Waldeinsamkeit
100%
Financial services company Finanzdienstleistungsunternehmen
94%
Airport security check Flughafensicherheitskontrolle
94%
999,999 Neunhundertneunundneunzigtausendneunhundertneunundneunzig
94%
Law for the delegation of monitoring beef labeling Rindfleischetikettierungsüberwachungsaufgabenübertragungsgesetz
94%
Certificate of incapacity for work Arbeitsunfähigkeitsbescheinigung
89%
Trainee social insurance clerk Sozialversicherungsfachangestelltenauszubildender
89%
Narcotics prescription ordinance Betäubungsmittelverschreibungsverordnung
83%
Speed limit Geschwindigkeitsbegrenzung
78%
Motor vehicle liability insurance Kraftfahrzeughaftpflichtversicherung
78%
No matching quizzes found
Score Distribution
Percent of People with Each Score
Percentile by Number Answered
Your Score History
You have not taken this quiz